Harry Potter: le Transplanage - Statistiques

Statistiques générales
  • Ce quiz a été pris 51 fois
  • Le résultat moyen est 6 sur 16
Statistiques - réponses
Information Réponses % Correct
Dernière apparition Harry Potter et les Reliques de la Mort
95%
Première apparition Harry Potter et la Chambre des Secrets
90%
Lieu où il est impossible de le faire Poudlard
85%
Fonction Se déplacer
85%
Première mention Harry Potter et le Prisonnier d'Azkaban
79%
Problème fréquent Desartibulement
44%
2eme D Détermination
26%
1er D Destination
23%
3eme D Décision
21%
Règle Les 3 D
21%
2eme étape Concentrer votre détermination sur l'espace à occuper
18%
Professeur Wilkie Tycross
18%
3eme étape Tourner sur place en essayant de trouver votre chemin dans le néant et en accomplissant votre mouvement avec décision
15%
Coût d'un cours à Poudlard 12 Gallions
13%
Lieu où il est impossible de le faire Caverne de l'Horcruxe
10%
1ere étape Fixer résolument votre esprit sur la destination souhaitée
8%
Aucun quiz correspondant
Distribution des résultats
% des personnes avec chaque résultat
Percentile par nombre de réponses
Votre historique - résultats
Vous n’avez pas pris ce quiz